La Seine-Saint-Denis en images - Statistiques

Statistiques générales
  • Ce quiz a été pris 81 fois
    78 depuis la dernière actualisation
  • Le résultat moyen est 8 sur 18
Statistiques - réponses
Par images Hint Réponse % Correct
Joueur de Football Kylian Mbappé
96%
Stade Stade de France
93%
Préfecture Bobigny
86%
Fleuve Seine
86%
Saint Patron Saint-Denis
72%
Rappeur JoeyStarr
59%
Ensemble de marchés Marché aux puces de Saint-Ouen
58%
Canal Canal de l'Ourcq
56%
Parc Parc Départemental Georges-Valbon
38%
Musée Musée de l'Air et de l'Espace
34%
Ville Drancy
27%
Lieu de Culte Notre-Dame du Raincy
23%
Bâtiment Tour du Pleyel
20%
Ancienne usine Usine des Grands Moulins de Pantin
18%
Ancienne fortification Fort d'Aubervilliers
10%
Complexe Cité du Cinéma
7%
Château Château des Cèdres
4%
Château Château de Ladoucette
0%
Aucun quiz correspondant
Distribution des résultats
% des personnes avec chaque résultat
Percentile par nombre de réponses
Votre historique - résultats
Vous n’avez pas pris ce quiz depuis la dernière actualisation